000 01729nam a2200397 i 4500
001 193625
003 SpMaBN
005 20260320063014.0
007 ta
008 191125s2019 sp | |||| 000 0 spa
017 _aV 1523-2019
_bOficina Depósito Legal Valencia
020 _a9788413134482
035 _a(OCoLC)1107155012
040 _aSpMaBN
_bspa
_cSpMaBN
_erda
080 _a347.964.2(460)
245 0 3 _aEl letrado de la administración de justicia :
_buna visión práctica de una de las profesiones jurídicas españolas /
_cJuan Marcos Estaran Peix, Conchita Llevot Calvet, Raúl González González, Juan Enrique Mínguez Zafra
264 1 _aValencia :
_bTirant Lo Blanch,
_c2019
300 _a291 páginas ;
_c22 cm
336 _aTexto
_2rdacontent
337 _asin mediación
_2rdamedia
338 _avolumen
_2rdacarrier
490 0 _aAbogacía práctica
_v; 105
500 _aÍndice
504 _aBibliografía: páginas [289]-291
650 7 _aLetrados de la administración de justicia
_2embne
_9234974
700 1 _aEstaran Peix, Juan Marcos
_4pbd
_4aut
_9234975
_eaut
700 1 _aLlevot Calvet, Conchita
_4aut
_9234976
_eaut
700 1 _aGonzález González, Raúl
_c(abogado)
_4aut
_9234977
_eaut
700 1 _aMínguez Zafra, Juan Enrique
_4aut
_9234978
_eaut
852 _aES-MaACL
_bR. 152796
_cDEPOJ
_jN-8154
_hDonación: Juan Enrique Mínguez Zafra
_9201129
_gDedicatoria autógrafa de Juan Enrique Mínguez Zafra
856 4 _uhttp://www.tirant.com/mispromociones
_yVersión en línea
_zcon clave de acceso
903 _9234978
_aMínguez Zafra, Juan Enrique
_ednr
942 _n0
_cMONOGRAFIA
999 _c193625
_d193625